000 00654nam a2200265Ia 4500
005 20260121172956.0
008 008 260114s9999 xx 000 0 eng d
020 _a9789811665899
037 _aEBOOK
040 _aCRL
040 _beng
040 _cCRL
041 _2eng
041 _aeng
084 _qCRL
100 _aYang Yang
_91095074
245 0 _aMeta-functional Equivalent Translation of Chinese Folk Song
260 _bSpringer
260 _bSpringer
260 _c2021
856 _uhttps://link.springer.com/openurl?genre=book&isbn=978-981-16-6589-9
942 _cEBOOK
999 _c1660816
_d1660816